00257nam a2200109Ia 4500008004100000041000800041082001200049100002100061245001500082260002600097300002400123240624s9999 xx 000 0 und d aeng a828 MIL aMILL JOHN STUART aON LIBERTY c1974aLondonbPenguin a187 : p. : cm. ; 20